[Event "Turkey IS Bank Super League 2017"]
[Site "Darica-Kocaeli"]
[Date "2017.08.04"]
[Round "10"]
[White "Atalik, Ekaterina"]
[Black "Mammadova, Gulnar"]
[Result "1/2-1/2"]
[WhiteElo "2445"]
[BlackElo "2357"]
[Annotator "TA"]
[PlyCount "179"]
[EventType "team-tourn"]
[EventCountry "TUR"]
[SourceTitle "playchess.com"]
[Source "ChessBase"]
[SourceQuality "1"]

{[%evp 9,179,10,11,-8,27,14,15,27,19,28,25,15,37,0,38,32,45,47,83,53,35,28,44,25,81,20,19,0,38,33,48,52,46,55,64,52,70,66,80,75,75,68,90,67,71,77,101,115,130,81,98,52,72,69,64,71,61,57,57,58,64,60,52,45,41,46,61,58,75,25,79,81,81,22,8,7,138,49,112,107,257,267,327,327,327,321,289,298,323,312,351,315,456,433,460,431,453,445,539,539,539,534,522,522,531,524,490,458,1304,1304,12832,12831,12831,12830,6833,4978,12834,12835,12835,12835,12842,12835,12835,12835,12835,12835,12842,12833,12834,12834,12840,12839,12840,12840,12844,12840,12841,12842,12844,12844,12845,12845,12846,12843,12847,0,12846,12844,12847,35,35,35,35,35,35,35,35,35,35,0,35,35,35,35,35,0,0,13,28,28,28,0]} 1. d4 d5 2. c4 c6 3. Nf3 Nf6 4. Qb3 e6 5. Bg5 (5. g3 Be7 6. Bg2 O-O 7. O-O Nbd7 8. Bg5 h6 9. Bxf6 Nxf6 10. Ne5 Nd7 11. Nxd7 Qxd7 12. Nc3 Rd8 13. Rad1 Qc7 14. e4 dxc4 15. Qxc4 b5 16. Qb3 {½-½ (89) Krasenkow,M (2610)-Fressinet,L (2692) Drancy 2016}) 5... Nbd7 6. e3 {D11: Slav Defence: 3 Nf3 sidelines and 3...Nf6 4 e3 Bg4} Bd6 7. Nc3 O-O 8. Be2 {The position is equal.} b6 9. O-O Ba6 $146 ({Predecessor:} 9... Qc7 10. Rac1 Qb8 11. Rfe1 Bb7 12. Bh4 c5 13. cxd5 Nxd5 {1-0 (35) Golcman,E (2299)-Pospisil,M (1817) Prague 2009}) 10. Rfd1 Rc8 11. Rac1 (11. e4 $5 Be7 12. e5 (12. cxd5 Bxe2 13. Nxe2 cxd5 $11) (12. exd5 cxd5 13. Nb5 Bxb5 $11) 12... Bxc4 13. Bxc4 dxc4 14. Qxc4 $11) 11... Bb8 12. Qa4 Bb7 13. cxd5 exd5 14. Qa3 Re8 15. Bh4 b5 16. Qb3 a5 (16... a6 $11 {remains equal.}) 17. Na4 ({White should play} 17. Bd3 $1 $16) 17... Bd6 $11 18. Nc5 Qb6 {[%cal Rd6c5]} 19. Qc2 Qa7 20. Nxd7 Nxd7 21. Qf5 Nf8 22. Bd3 Rc7 23. Bg3 Bc8 24. Qh5 Bxg3 25. hxg3 Re6 26. Qh4 Bd7 27. g4 Be8 28. g5 Qb8 29. g3 {Hoping for Kg2.} f6 30. Kg2 Bg6 31. Bxg6 Nxg6 32. Qg4 Qe8 33. Rh1 Nf8 34. gxf6 Rxf6 35. Ne5 c5 36. f4 c4 37. Qf3 $36 {[%mdl 2048] White has some pressure.} Rd6 38. g4 b4 39. Kg3 c3 (39... Nd7 $11) 40. bxc3 bxc3 41. Rc2 ({Better is} 41. Rh2 $16) 41... Nd7 $1 42. g5 Qe6 (42... h6 $11) 43. Qg4 (43. Ng4 $16) 43... Qxg4+ (43... Qe8 $14) 44. Kxg4 (44. Nxg4 {feels hotter.} a4 45. Ne5 Nxe5 46. dxe5 Rg6 47. Rhc1) 44... Nb6 (44... Nxe5+ $16 {is a better defense.} 45. dxe5 Rdc6) 45. Rb1 $18 a4 46. Rb5 Nd7 47. Nxd7 Rdxd7 {[%mdl 4096] Endgame KRR-KRR} 48. Rc5 Kf7 49. R2xc3 Ra7 50. Rb5 g6 (50... Rd8 $142 51. Kf3 Ke6) 51. Kf3 Ra8 52. Rcc5 Ke6 53. Ra5 Rda7 54. Rc6+ Kd7 55. Rxa7+ Rxa7 {KR-KR} 56. Rf6 {Strongly threatening Rf7+.} Ke7 57. e4 {[%cal Be3e4,Be4d5,Bd5d6][%mdl 32]} Rc7 58. exd5 {aiming for d6+.} Rc3+ (58... Rc1 $142 59. Re6+ Kd7) 59. Ke4 Ra3 60. d6+ Ke8 61. Re6+ Kd8 62. Re7 Rxa2 63. Rxh7 Re2+ 64. Kf3 Rd2 65. Ke3 Rg2 66. Ra7 a3 67. Kf3 Rh2 68. Kg3 Rd2 69. Rxa3 Rxd4 70. Ra8+ Kd7 71. Ra7+ Kd8 72. Ra6 Kd7 {[#]} 73. Kg4 $1 Rd3 74. Ra7+ Kd8 {[#]} 75. d7 $1 Rd6 (75... Rxd7 76. Ra6) 76. Rb7 Ke7 77. Ra7 Kd8 78. Kf3 Ke7 {[#]} 79. Rb7 $2 ({White should try} 79. f5 $1 $18 {Threatening mate with f6+.} gxf5 80. Kf4) 79... Rxd7 $14 80. Rb6 Kf7 81. Ke4 Re7+ 82. Kd5 Ra7 83. Rc6 Ra5+ 84. Kd6 (84. Ke4 {with more complications.} Ra1 85. Rc5 Rf1 86. Rb5 Re1+ 87. Kf3) 84... Ra4 85. Rc7+ Kg8 86. Ke5 Ra5+ 87. Ke6 Rf5 88. Rc4 Kg7 89. Kd6 Kg8 90. Ke6 {Precision: White = 63%, Black = 32%.} 1/2-1/2

[Event "Turkey IS Bank Super League 2017"]
[Site "Darica-Kocaeli"]
[Date "2017.08.04"]
[Round "10"]
[White "Daulyte, Deimante"]
[Black "Karavade, Eesha"]
[Result "1-0"]
[WhiteElo "2419"]
[BlackElo "2397"]
[Annotator "TA"]
[PlyCount "59"]
[EventType "team-tourn"]
[EventCountry "TUR"]
[SourceTitle "playchess.com"]
[Source "ChessBase"]
[SourceQuality "1"]

{[%evp 33,59,28,45,44,41,41,42,40,59,47,52,47,370,359,544,531,677,672,645,638,750,734,675,554,12840,12840,12841,12841]} 1. e4 e6 2. d4 d5 3. Nd2 Nf6 4. e5 Nfd7 5. Bd3 c5 6. c3 Nc6 7. Ne2 cxd4 8. cxd4 f6 9. exf6 Nxf6 10. O-O Bd6 11. Nf3 Qc7 12. h3 O-O 13. Be3 {C06: French Tarrasch: 3...Nf6 4 e5 Nfd7 5 Bd3 main lines} Bd7 14. Re1 Rae8 (14... Be8 15. Ng5 Bf7 16. Rc1 Kh8 17. a3 Bg8 18. b4 a6 19. g3 h6 20. Nf4 Bxf4 21. Bxf4 {1-0 (38) Navara,D (2729)-Michiels,B (2563) Wijk aan Zee 2015}) 15. Nc3 {[%cal Be2c3,Bc3a4,Ba4c5][%mdl 32]} a6 16. Rc1 Qb8 17. Na4 e5 {LiveBook: 6 Games} 18. dxe5 Nxe5 19. Nxe5 Bxe5 20. Nc5 Bc8 21. Qb3 Kh8 22. Qb4 $146 ({Predecessor:} 22. Rc2 d4 {½-½ (31) Baufays,H (2396)-Myers,D (2422) ICCF email 2009}) 22... Qd6 $2 {[%mdl 8192] [#]} (22... a5 $14 23. Qb6 (23. Qxa5 d4 $17) 23... d4) 23. f4 $18 Ne4 (23... Nd7 {might work better.} 24. fxe5 Nxe5) 24. fxe5 {White is clearly winning.} Qxe5 25. Nxe4 dxe4 26. Bd4 Qg3 27. Bxe4 Bxh3 28. Qc3 Qg5 {intending ...Rxe4.} 29. Qxh3 {[%csl Ge4][%cal Rh3h7]} Rxe4 {[#]} 30. Bxg7+ $1 {[%mdl 512] Precision: White = 82%, Black = 21%.} 1-0

[Event "Turkey IS Bank Super League 2017"]
[Site "Darica-Kocaeli"]
[Date "2017.08.04"]
[Round "10"]
[White "Ozer, Omer Faruk"]
[Black "Ererdem, Gani Eren"]
[Result "1-0"]
[WhiteElo "2411"]
[BlackElo "2090"]
[Annotator "TA"]
[PlyCount "99"]
[EventType "team-tourn"]
[EventCountry "TUR"]
[SourceTitle "playchess.com"]
[Source "ChessBase"]
[SourceQuality "1"]

{[%evp 18,99,58,26,44,43,47,29,40,45,37,37,48,-36,-43,-39,-40,-36,0,-8,-8,-8,-8,-8,-5,-12,-6,0,-6,-8,0,-9,0,0,0,0,0,-11,0,-7,-6,-8,-10,-16,-6,-18,-7,-13,0,-2,-6,-23,-17,-19,10,-7,9,9,15,10,19,22,33,0,133,110,137,132,258,283,266,262,326,237,229,237,237,227,235,234,361,364,604,593]} 1. e4 e5 2. Nf3 Nc6 3. Bc4 Nf6 4. d3 Be7 5. O-O d6 6. a4 O-O 7. Re1 Kh8 8. a5 {C55: Two Knights: 4 d3, 4 d4 exd4 5 e5 and Max Lange Attack} (8. c3 Ng8 9. a5 a6 10. d4 f5 11. dxe5 fxe4 12. Rxe4 Rxf3 13. gxf3 Nxe5 14. Rxe5 dxe5 15. Qxd8 Bxd8 16. Nd2 {½-½ (40) Harikrishna,P (2753)-Fressinet,L (2700) Huaian 2016}) 8... a6 9. h3 Ng8 10. d4 {LiveBook: 3 Games. White is slightly better.} f5 {[#] Hoping for ...fxe4.} 11. dxe5 fxe4 12. exd6 exf3 13. dxe7 Qxd1 $1 14. Rxd1 Ngxe7 15. Be3 (15. g4 $14) 15... fxg2 $15 16. Kxg2 {[#]} Bf5 $146 17. Nc3 Rfd8 18. Bf4 Bxc2 19. Rxd8+ Rxd8 20. Bxc7 Rc8 21. Bg3 Nd4 22. Re1 Nec6 23. Bd5 (23. Be5 $5) 23... Bb3 24. Bc7 h6 (24... Bxd5+ {is more complex.} 25. Nxd5 Kg8 26. Bb6 Nf5 27. Nc3 Kf7) 25. Bb6 Bxd5+ 26. Nxd5 Kh7 27. Re3 (27. Bxd4 $5 Nxd4 28. Re7 $11) 27... Nf5 28. Re4 Nd6 29. Rf4 Re8 30. Nc3 Kg8 31. b3 Re6 32. Na4 Rg6+ 33. Kf1 Rg5 34. Bc5 Rd5 35. b4 {White wants to play Nb6.} Nb5 36. Rf8+ Kh7 37. Rf7 Nd8 38. Re7 Rd3 39. Kg2 Kg6 40. Nb6 Kf6 (40... Na7 $11 {keeps the balance.}) 41. Nd7+ $16 Kf5 42. Rxg7 Ke6 (42... Nd4 $16 {is a better defense.}) 43. Re7+ $18 Kf5 44. Ne5 Rb3 45. Ng4 h5 46. Ne3+ Kg6 47. Rd7 Ne6 48. Rxb7 {Threatens to win with Rb6.} Nf4+ (48... Nxc5 {was called for.} 49. bxc5 Rc3 50. Rb6+ Kf7 51. Rxa6 Rxc5) 49. Kg3 Ne2+ $2 {[#]} (49... Ne6 50. Rb6 Nbc7) 50. Kh4 {Precision: White = 46%, Black = 37%.} 1-0

[Event "Turkey IS Bank Super League 2017"]
[Site "Darica-Kocaeli"]
[Date "2017.08.04"]
[Round "10"]
[White "Ertan, Can"]
[Black "Benidze, Davit"]
[Result "0-1"]
[WhiteElo "2377"]
[BlackElo "2515"]
[Annotator "TA"]
[PlyCount "62"]
[EventType "team-tourn"]
[EventCountry "TUR"]
[SourceTitle "playchess.com"]
[Source "ChessBase"]
[SourceQuality "1"]

{[%evp 10,62,23,16,29,43,61,14,27,16,26,22,28,37,38,21,0,-35,28,22,43,0,18,0,10,-126,-122,-125,-101,-100,-30,-31,-35,-163,-156,-152,-134,-168,-160,-139,-143,-297,-105,-230,-228,-250,-206,-224,-229,-237,-233,-260,-204,-527,-527]} 1. e4 g6 2. d4 Bg7 3. Nc3 d6 4. f4 a6 5. a4 Nf6 6. Nf3 O-O {B09: Pirc Defence: Austrian Attack} 7. e5 Nh5 $146 ({Predecessor:} 7... dxe5 8. fxe5 Nd5 9. Bc4 Be6 10. Nxd5 Bxd5 11. Bxd5 Qxd5 12. Qe2 Nc6 13. c3 f6 14. c4 {0-1 (87) Dimitrov,R (2450)-Petrosian,T (2624) Golden Sands 2014}) 8. Be3 c5 {The position is equal.} 9. dxc5 dxe5 10. Nxe5 Bxe5 11. fxe5 Nc6 {[%cal Bb8c6,Bc6b4,Bb4d3][%mdl 32]} 12. Bh6 Ng7 13. Qd2 Qxd2+ (13... Be6 $15) 14. Bxd2 $11 Nb4 15. Bd3 (15. O-O-O {with more complications.} Bf5 16. Bg5 Rac8 17. Bxe7 Rfe8 18. Bd6) 15... Nxd3+ 16. cxd3 Rd8 17. O-O-O (17. Bg5 $11) 17... Bg4 $17 ({And not} 17... Rxd3 18. Bg5 $16) 18. Bg5 Bxd1 19. Rxd1 Rac8 ({Black should try} 19... Nf5 $17 {aiming for ...h6.} 20. g4 h6 21. gxf5 hxg5 22. fxg6 f5 23. exf6 exf6) 20. Bxe7 $11 Rd4 $1 21. b3 (21. Kb1 $15) 21... Nf5 $19 22. Bf6 Rxc5 23. Kd2 Rd7 24. Rb1 Rdc7 $36 {[%mdl 2048] Black has strong initiative.} 25. g4 $2 (25. e6 $17) 25... Nd4 $2 ({Resist} 25... Rxc3 26. gxf5 gxf5 27. Rb2 $19) (25... Nh6 $19 {has better winning chances.} 26. Ne4 Rc2+ 27. Ke3 Nxg4+ 28. Kf4 Nxf6 29. Nxf6+ Kh8) 26. Ne4 (26. e6 $17 {only move.} Nxe6 27. b4) 26... Rd5 27. Bg5 Rc2+ ({Weaker is} 27... Rxe5 28. Bf4 $11) 28. Ke3 {[#] Black must now prevent Nf6+.} Kg7 $1 29. Bf6+ {[#]} Kf8 $1 30. Nd2 Nc6 31. Nc4 $2 (31. Nf3 {is a better chance.}) 31... Rxh2 {Precision: White = 15%, Black = 55%.} 0-1

[Event "Turkey IS Bank Super League 2017"]
[Site "Darica-Kocaeli"]
[Date "2017.08.04"]
[Round "10"]
[White "Nomin-Erdene, Davaademberel"]
[Black "Arda, Cagil Irmak"]
[Result "1/2-1/2"]
[WhiteElo "2373"]
[BlackElo "2080"]
[Annotator "NA RC"]
[PlyCount "86"]
[EventType "team-tourn"]
[EventCountry "TUR"]
[SourceTitle "playchess.com"]
[Source "ChessBase"]
[SourceQuality "1"]
[TimeControl "40/5400+30:1800+30"]

{[%evp 21,86,9,33,32767,32767,32767,32767,0,8,5,-2,5,-10,0,0,-9,0,-17,0,-4,0,-21,-4,-30,-29,-40,32767,-43,-38,-48,-41,-38,-33,-24,-31,-77,-96,-144,-92,-153,-150,-149,-84,-151,-159,-147,-153,-134,-151,-145,32767,-153,-141,-276,-302,-283,32767,32767,32767,-383,-299,32767,32767,-322,-304,-279,0]} 1. e4 {[%emt 0:00:30]} c6 {[%emt 0:01:00]} 2. d4 {[%emt 0:00:30]} d5 {[%emt 0:00:30]} 3. Nc3 {[%emt 0:00:30]} dxe4 {[%emt 0:00:30]} 4. Nxe4 {[%emt 0:00:30]} Bf5 {[%emt 0:00:30]} 5. Ng3 {[%emt 0:00:30]} Bg6 {[%emt 0:00:30]} 6. h4 {[%emt 0:00:30]} h6 {[%emt 0:00:30]} 7. Nf3 {[%emt 0:00:30]} e6 {[%emt 0:00:00]} 8. Ne5 {[%emt 0:10:30]} Bh7 {[%emt 0:00:00]} 9. Bd3 {[%emt 0:00:30]} Bxd3 {[%emt 0:00:00]} 10. Qxd3 {[%emt 0:00:30]} Nd7 {[%emt 0:00:00] B19: Classical Caro-Kann: 4...Bf5 main line} 11. f4 {[%emt 0:02:30] LiveBook: 228 Games} Bb4+ {[%emt 0:00:00]} (11... Be7 12. Bd2 Nxe5 13. fxe5 Bxh4 14. O-O-O Bxg3 15. Qxg3 Ne7 16. Bb4 Nf5 17. Qf4 g5 18. Qf2 {½-½ (43) Wei,Y (2706)-Giri,A (2773) Wijk aan Zee 2017}) 12. c3 {[%emt 0:00:30]} Bd6 {[%emt 0:00:00]} 13. Qe2 {[%emt 0:00:30]} Ngf6 {[%emt 0:00:00]} 14. Bd2 {[%emt 0:05:30]} Qc7 {[%emt 0:03:00]} 15. O-O-O {[%emt 0:03:30]} O-O {[%emt 0:05:30]} 16. Nxd7 $146 {[%emt 0:16:30]} ({Predecessor:} 16. Ne4 Nxe4 17. Qxe4 f5 18. Qe2 {0-1 (39) Jones,R (2414)-Kazhgaleyev,M (2573) Sydney 2015}) 16... Nxd7 {[%emt 0:06:30]} 17. Qf3 {[%emt 0:06:30]} Nf6 {[%emt 0:00:30]} 18. Kb1 {[%emt 0:05:30]} a5 {[%emt 0:05:30]} 19. Ne2 {[%emt 0:00:30]} c5 {[%emt 0:03:30]} ({Black should play} 19... h5 $1 $15) 20. g4 {[%emt 0:00:30]} Qc6 {[%emt 0:02:30]} 21. Qxc6 {[%emt 0:04:30]} bxc6 {[%emt 0:04:30]} 22. Rhg1 {[%emt 0:00:30]} Ne4 {[%emt 0:12:30]} 23. Be3 {[%emt 0:02:30]} c4 {[%emt 0:05:30]} 24. Ng3 {[%emt 0:10:30]} Nxg3 {[%emt 0:01:30]} 25. Rxg3 {[%emt 0:00:00]} a4 {[%emt 0:04:30]} 26. a3 {[%emt 0:00:00]} Rab8 {[%emt 0:06:30]} 27. Ka2 {[%emt 0:06:30]} Rb5 {[%emt 0:00:30]} 28. Rf3 {[%emt 0:02:30]} h5 {[%emt 0:03:30]} 29. Rg1 {[%emt 0:01:13]} (29. g5 $142) 29... g6 {[%emt 0:00:30]} 30. Rf2 {[%emt 0:02:37]} ({Better is} 30. g5) 30... hxg4 {[%emt 0:05:30]} 31. Rxg4 {[%emt 0:00:28]} Be7 {[%emt 0:00:30]} (31... Rd5 $142 32. Rh2 Kg7) 32. Re2 {[%emt 0:03:43]} Rh5 {[%emt 0:01:30]} 33. Bf2 {[%emt 0:00:22]} Bf6 {[%emt 0:00:30]} 34. Kb1 {[%emt 0:02:14]} Kg7 {[%emt 0:00:30]} 35. Be1 {[%emt 0:01:23]} Rfh8 {[%emt 0:00:30]} 36. Rh2 {[%emt 0:00:10]} Be7 {[%emt 0:01:30]} 37. Bg3 {[%emt 0:09:21]} (37. Kc2 $17) 37... f5 {[%emt 0:08:30]} 38. Rg5 {[%emt 0:00:04]} Bxg5 {[%emt 0:00:30]} 39. fxg5 {[%emt 0:00:04]} Kf7 {[%emt 0:00:00]} 40. Kc2 {[%emt 0:00:00]} Rd8 {[%emt 0:01:00]} 41. Be5 {[%emt 0:04:51]} Rh7 {[%emt 0:02:30]} 42. Rh1 {[%emt 0:06:30]} Rd5 {[%emt 0:00:30]} 43. Rh2 {[%emt 0:04:30]} Rd8 $11 {[%emt 0:00:30]} ({Better is} 43... c5 $19 44. Kd2 Ke8) 1/2-1/2

[Event "Turkey IS Bank Super League 2017"]
[Site "Darica-Kocaeli"]
[Date "2017.08.04"]
[Round "10"]
[White "Osmak, Iulija"]
[Black "Isgandarova, Khayala"]
[Result "1/2-1/2"]
[WhiteElo "2353"]
[BlackElo "2257"]
[Annotator "RC"]
[PlyCount "146"]
[EventType "team-tourn"]
[EventCountry "TUR"]
[SourceTitle "playchess.com"]
[Source "ChessBase"]
[SourceQuality "1"]
[TimeControl "40/5400+30:1800+30"]

1. d4 {[%emt 0:00:30]} Nf6 {[%emt 0:01:00]} 2. Bf4 {[%emt 0:00:30]} g6 {[%emt 0:03:30]} 3. e3 {[%emt 0:00:30]} Bg7 {[%emt 0:00:30]} 4. Nf3 {[%emt 0:00:30]} c5 {[%emt 0:01:30]} 5. c3 {[%emt 0:01:30]} Qb6 {[%emt 0:01:30]} 6. Qb3 {[%emt 0:13:30]} Qxb3 {[%emt 0:14:30]} 7. axb3 {[%emt 0:00:30]} cxd4 {[%emt 0:00:00]} 8. exd4 {[%emt 0:00:30]} d6 {[%emt 0:02:00]} 9. Na3 {[%emt 0:10:30]} Nc6 {[%emt 0:01:30]} 10. Bb5 {[%emt 0:02:30]} O-O {[%emt 0:07:30]} 11. O-O {[%emt 0:01:30]} Nd5 {[%emt 0:00:30]} 12. Bg3 {[%emt 0:02:30]} Bg4 {[%emt 0:03:30]} 13. Nd2 {[%emt 0:14:30]} Bh6 {[%emt 0:01:30]} 14. Bxc6 {[%emt 0:04:30]} bxc6 {[%emt 0:00:30]} 15. Ndc4 {[%emt 0:00:30]} Rfc8 {[%emt 0:07:30]} 16. b4 {[%emt 0:04:30]} Bd7 {[%emt 0:10:30]} 17. Rfe1 {[%emt 0:02:30]} f5 {[%emt 0:13:30]} 18. f3 {[%emt 0:01:30]} f4 {[%emt 0:02:30]} 19. Bf2 {[%emt 0:00:30]} Kf7 {[%emt 0:00:30]} 20. Nb1 {[%emt 0:02:30]} Bf5 {[%emt 0:05:30]} 21. Nbd2 {[%emt 0:01:30]} Bd3 {[%emt 0:00:30]} 22. Ra3 {[%emt 0:02:30]} g5 {[%emt 0:07:21]} 23. h3 {[%emt 0:02:30]} Bg7 {[%emt 0:00:16]} 24. Na5 {[%emt 0:00:30]} h5 {[%emt 0:00:55]} 25. Ne4 {[%emt 0:00:30]} Bh6 {[%emt 0:00:08]} 26. Raa1 {[%emt 0:07:30]} g4 {[%emt 0:02:48]} 27. hxg4 {[%emt 0:00:30]} hxg4 {[%emt 0:00:06]} 28. fxg4 {[%emt 0:00:30]} Bxe4 {[%emt 0:02:10]} 29. Rxe4 {[%emt 0:00:30]} Nf6 {[%emt 0:00:03]} 30. Re2 {[%emt 0:01:30]} Nxg4 {[%emt 0:00:07]} 31. Nc4 {[%emt 0:01:30]} Bg5 {[%emt 0:02:47]} 32. Ra5 {[%emt 0:01:47]} Kg6 {[%emt 0:06:23]} 33. Nd2 {[%emt 0:02:38]} Rh8 {[%emt 0:01:04]} 34. Nf3 {[%emt 0:01:05]} Bf6 {[%emt 0:01:12]} 35. Ra6 {[%emt 0:05:33]} Rh6 {[%emt 0:01:16]} 36. Rxc6 {[%emt 0:01:06]} Rah8 {[%emt 0:00:33]} 37. g3 {[%emt 0:00:13]} Rh1+ {[%emt 0:00:59]} 38. Kg2 {[%emt 0:00:03]} e5 {[%emt 0:00:45]} 39. dxe5 {[%emt 0:03:40]} dxe5 {[%emt 0:00:05]} 40. gxf4 {[%emt 0:00:00]} exf4 {[%emt 0:01:32]} 41. Bxa7 {[%emt 0:12:55]} R1h3 {[%emt 0:10:30]} 42. Bf2 {[%emt 0:02:30]} Nxf2 {[%emt 0:03:17]} 43. Kxf2 {[%emt 0:00:30]} Kf5 {[%emt 0:00:38]} 44. b5 {[%emt 0:10:17]} Bh4+ {[%emt 0:10:35]} 45. Nxh4+ {[%emt 0:00:06]} R8xh4 {[%emt 0:00:00]} 46. Ke1 {[%emt 0:03:35]} Rd3 {[%emt 0:03:22]} 47. Rc5+ {[%emt 0:00:22]} Kf6 {[%emt 0:01:20]} 48. Rce5 {[%emt 0:08:59]} Rh1+ {[%emt 0:03:46]} 49. Kf2 {[%emt 0:00:02]} Rdh3 {[%emt 0:00:00]} 50. Re6+ {[%emt 0:00:47]} Kf7 {[%emt 0:00:00]} 51. b6 {[%emt 0:00:51]} f3 {[%emt 0:00:13]} 52. Re7+ {[%emt 0:01:27]} Kf6 {[%emt 0:00:30]} 53. R2e6+ {[%emt 0:00:30]} Kf5 {[%emt 0:00:00]} 54. Re5+ {[%emt 0:00:00]} Kf4 {[%emt 0:00:51]} 55. Re4+ {[%emt 0:00:00]} Kf5 {[%emt 0:00:30]} 56. R7e5+ {[%emt 0:00:00]} Kf6 {[%emt 0:00:00]} 57. Re6+ {[%emt 0:03:13]} Kf5 {[%emt 0:00:00]} 58. R6e5+ {[%emt 0:00:30]} Kf6 {[%emt 0:00:00]} 59. Re8 {[%emt 0:00:00]} R1h2+ {[%emt 0:01:05]} 60. Ke3 {[%emt 0:00:00]} f2+ {[%emt 0:02:15]} 61. Ke2 {[%emt 0:00:00]} f1=Q+ {[%emt 0:00:30]} 62. Kxf1 {[%emt 0:00:00]} Rxb2 {[%emt 0:00:00]} 63. R8e6+ {[%emt 0:01:47]} Kf5 {[%emt 0:00:09]} 64. R4e5+ {[%emt 0:00:59]} Kf4 {[%emt 0:00:11]} 65. Re2 {[%emt 0:00:35]} Rb1+ {[%emt 0:01:04]} 66. Kg2 {[%emt 0:00:07]} Rg3+ {[%emt 0:00:54]} 67. Kh2 {[%emt 0:00:14]} Rxc3 {[%emt 0:00:00]} 68. Rf2+ {[%emt 0:00:25]} Kg5 {[%emt 0:00:04]} 69. Ref6 {[%emt 0:00:52]} Rcb3 {[%emt 0:00:34]} 70. Rf8 {[%emt 0:01:08]} R1b2 {[%emt 0:00:41]} 71. Rg8+ {[%emt 0:00:34]} Kh6 {[%emt 0:00:27]} 72. Rxb2 {[%emt 0:00:49]} Rxb2+ {[%emt 0:00:05]} 73. Kh3 {[%emt 0:00:16]} Rxb6 {[%emt 0:00:05]} 1/2-1/2

[Event "Turkey IS Bank Super League 2017"]
[Site "Darica-Kocaeli"]
[Date "2017.08.04"]
[Round "10"]
[White "Yurtseven, Melih"]
[Black "Arat, Ufuk Sezen"]
[Result "0-1"]
[WhiteElo "2353"]
[BlackElo "2400"]
[Annotator "RC"]
[PlyCount "130"]
[EventType "team-tourn"]
[EventCountry "TUR"]
[SourceTitle "playchess.com"]
[Source "ChessBase"]
[SourceQuality "1"]
[TimeControl "40/5400+30:1800+30"]

1. Nf3 {[%emt 0:00:30]} Nf6 {[%emt 0:01:00]} 2. g3 {[%emt 0:00:30]} e6 {[%emt 0:00:30]} 3. Bg2 {[%emt 0:00:30]} b5 {[%emt 0:00:30]} 4. O-O {[%emt 0:00:30]} Bb7 {[%emt 0:00:30]} 5. d3 {[%emt 0:00:00]} c5 {[%emt 0:03:30]} 6. e4 {[%emt 0:00:00]} d6 {[%emt 0:03:30]} 7. a4 {[%emt 0:00:00]} a6 {[%emt 0:15:30]} 8. Re1 {[%emt 0:16:00]} Nbd7 {[%emt 0:05:30]} 9. c3 {[%emt 0:06:30]} Be7 {[%emt 0:03:30]} 10. Nh4 {[%emt 0:03:30]} Rb8 {[%emt 0:11:30]} 11. d4 {[%emt 0:03:30]} O-O {[%emt 0:06:30]} 12. b3 {[%emt 0:16:30]} cxd4 {[%emt 0:09:30]} 13. cxd4 {[%emt 0:00:30]} Rc8 {[%emt 0:04:30]} 14. axb5 {[%emt 0:10:30]} axb5 {[%emt 0:00:30]} 15. Bd2 {[%emt 0:00:30]} Ra8 {[%emt 0:02:30]} 16. Rxa8 {[%emt 0:05:30]} Bxa8 {[%emt 0:04:30]} 17. d5 {[%emt 0:07:30]} exd5 {[%emt 0:04:30]} 18. exd5 {[%emt 0:02:30]} Re8 {[%emt 0:01:30]} 19. Bb4 {[%emt 0:13:57]} Nc5 {[%emt 0:02:40]} 20. Bc3 {[%emt 0:00:56]} Qd7 {[%emt 0:03:11]} 21. b4 {[%emt 0:02:26]} Na4 {[%emt 0:05:18]} 22. Ba1 {[%emt 0:00:13]} Nb6 {[%emt 0:00:23]} 23. Nc3 {[%emt 0:00:44]} Bd8 {[%emt 0:01:52]} 24. Rf1 {[%emt 0:02:25]} Nc4 {[%emt 0:01:05]} 25. Qd3 {[%emt 0:00:47]} Bb7 {[%emt 0:06:36]} 26. h3 {[%emt 0:00:33]} Bb6 {[%emt 0:01:34]} 27. Nf5 {[%emt 0:03:18]} Bc8 {[%emt 0:01:06]} 28. g4 {[%emt 0:01:35]} Ne5 {[%emt 0:00:34]} 29. Qxb5 {[%emt 0:01:10]} Qc7 {[%emt 0:00:37]} 30. Na4 {[%emt 0:00:53]} Ba7 {[%emt 0:00:09]} 31. Qa5 {[%emt 0:00:21]} Qxa5 {[%emt 0:01:22]} 32. bxa5 {[%emt 0:00:02]} Bxf5 {[%emt 0:00:16]} 33. gxf5 {[%emt 0:00:30]} Nd3 {[%emt 0:00:00]} 34. Nb6 {[%emt 0:01:00]} Nh5 {[%emt 0:00:00]} 35. Rd1 {[%emt 0:00:26]} Nhf4 {[%emt 0:00:26]} 36. Bf1 {[%emt 0:00:20]} Nc5 {[%emt 0:01:09]} 37. Bc3 {[%emt 0:01:11]} Rb8 {[%emt 0:00:40]} 38. Bd2 {[%emt 0:00:38]} Nh5 {[%emt 0:00:30]} 39. Rb1 {[%emt 0:00:30]} Nf6 {[%emt 0:00:20]} 40. Bc4 {[%emt 0:00:00]} Nfd7 {[%emt 0:01:12]} 41. Bf4 {[%emt 0:11:46]} Bxb6 {[%emt 0:03:30]} 42. axb6 {[%emt 0:01:11]} Rxb6 {[%emt 0:00:30]} 43. Rxb6 {[%emt 0:12:44]} Nxb6 {[%emt 0:00:30]} 44. Be2 {[%emt 0:00:00]} Ne4 {[%emt 0:03:30]} 45. Bh2 {[%emt 0:03:26]} Nxd5 {[%emt 0:03:30]} 46. f3 {[%emt 0:00:33]} Ng5 {[%emt 0:07:44]} 47. Bxd6 {[%emt 0:00:26]} Nxh3+ {[%emt 0:01:41]} 48. Kh2 {[%emt 0:00:10]} Nhf4 {[%emt 0:00:04]} 49. Bc4 {[%emt 0:02:07]} Ne3 {[%emt 0:00:13]} 50. Ba2 {[%emt 0:02:37]} Ne2 {[%emt 0:03:57]} 51. f6 {[%emt 0:00:41]} gxf6 {[%emt 0:02:59]} 52. Bc5 {[%emt 0:00:37]} Nf5 {[%emt 0:01:26]} 53. Bb1 {[%emt 0:00:15]} Nh4 {[%emt 0:01:01]} 54. Be4 {[%emt 0:00:35]} f5 {[%emt 0:00:55]} 55. Bc6 {[%emt 0:00:43]} Nf4 {[%emt 0:00:06]} 56. Kg3 {[%emt 0:00:52]} Nhg6 {[%emt 0:00:03]} 57. Bd6 {[%emt 0:00:14]} Ne2+ {[%emt 0:00:59]} 58. Kf2 {[%emt 0:00:23]} Nd4 {[%emt 0:00:04]} 59. Ba4 {[%emt 0:00:36]} f4 {[%emt 0:00:12]} 60. Ba3 {[%emt 0:00:33]} Ne5 {[%emt 0:01:56]} 61. Bd1 {[%emt 0:00:02]} Nd3+ {[%emt 0:01:04]} 62. Kg1 {[%emt 0:00:49]} Kg7 {[%emt 0:01:21]} 63. Bd6 {[%emt 0:00:41]} f6 {[%emt 0:00:01]} 64. Bb8 {[%emt 0:00:15]} Nb2 {[%emt 0:00:41]} 65. Ba7 {[%emt 0:00:45]} Nc6 {[%emt 0:00:05]} 0-1